Piłkarska kariera Freddiego Ljungberga. - Statystyki

Ogólne statystyki
  • Ten quiz został rozwiązany 20 razy
  • Średni wynik to 2 z 8
Statystyki odpowiedzi
Lata Drużyna % Poprawnych
1998-2007 Arsenal
100%
2011-2011 Celtic
21%
2010-2011 Chicago Fire
16%
1994-1998 Halmstad
16%
2014-2015 Mumbai City
16%
2007-2008 West Ham
16%
2008-2010 Seattle Sounders
11%
2011-2012 Shimizu S-Pulse
0%
Nie znaleziono quizów pasujących do podanych kryteriów
Rozkład punktacji
Procent ludzi z każdym wynikiem
Percentyl według liczby udzielonych odpowiedzi
Twoja historia wyników
Nie rozwiązałeś tego quizu